Poľský národ a národy Československa na dejinnej križovatke kapitola z dejín vzniku svetovej socialistickej sústavy

Saved in:
Bibliographic Details
Main Author: Borodovčák, Viktor
Format: Book
Language:Slovak
Published: Bratislava Veda 1982
Tags: Add Tag
No Tags, Be the first to tag this record!

MARC

LEADER 00000nam a2200000 4500
001 c136343
005 20041019155306.9
041 0 |a slo 
044 |a SK 
245 1 0 |a Poľský národ a národy Československa na dejinnej križovatke  |b kapitola z dejín vzniku svetovej socialistickej sústavy  |c Viktor Borodovčák 
264 1 |a Bratislava  |b Veda  |c 1982 
300 |a 248 s. 
100 1 |a Borodovčák, Viktor